| 000 | 00694nam a2200217 a 4500 | ||
|---|---|---|---|
| 001 | 2645 | ||
| 003 | CDMR | ||
| 005 | 20131126181143.0 | ||
| 008 | 130130s1987||||||||||||||||||||||||||||d | ||
| 020 | _a847665040X | ||
| 040 |
_aCDMR _bcat _cCDMR |
||
| 100 | 1 |
_aCarrillo, Marc _9335 |
|
| 245 | 1 | 4 |
_aLos límites a la libertad de prensa en la Constitución española de 1978 _cMarc Carrillo |
| 260 |
_aBarcelona _c1987 _bPromociones Publicaciones Universitarias |
||
| 300 | _a205 p. | ||
| 490 | 0 | _aApuntes sobre Constitución y Política | |
| 650 | 0 | 4 |
_94150 _aLlibertat d'impremta _zEspanya |
| 650 | 0 | 4 |
_94383 _aPremsa _zEspanya _xDret i legislació |
| 650 | 0 | 4 |
_94396 _aDret i ètica |
| 942 |
_cMON _2udc |
||
| 999 |
_c2645 _d2645 |
||